[Event "IECG CP.2006.P.00011 email"]
[Site "IECG email"]
[Date "2006.10.01"]
[Round "?"]
[White "Johnsrud, Jeff L"]
[Black "Krupikov, Andrey Viktorovich"]
[Result "1-0"]
[WhiteElo "2048"]
[BlackElo "1691"]
[PlyCount "77"]
[EventDate "2006.10.01"]
[EventType "tourn (corr)"]
[EventRounds "6"]
[SourceTitle "Corr 2011"]
[Source "ChessBase"]
[SourceDate "2010.08.31"]
[SourceVersion "1"]
[SourceVersionDate "2010.08.31"]
[SourceQuality "1"]

1. e4 c5 2. Nf3 d6 3. d4 cxd4 4. Nxd4 Nf6 5. Nc3 g6 6. Be3 Bg7 7. f3 0-0 8. Qd2 Nc6 9. Bc4 Bd7 10. 0-0-0 Ne5 11. Bb3 Rc8 12. h4 Nc4 13. Bxc4 Rxc4 14. g4 b5 15. h5 b4 16. Nce2 Qa5 17. Kb1 Rfc8 18. hxg6 fxg6 19. Rc1 Qa6 20. Bh6 Bh8 21. Bg5 Rf8 22. Qd3 Be8 23. Bh6 Rf7 24. b3 e5 25. bxc4 exd4 26. Nxd4 Rd7 27. c5 Qxd3 28. cxd3 dxc5 29. Nb3 Rxd3 30. Rxc5 Bf7 31. Rc8+ Ne8 32. f4 Bg7 33. Bxg7 Kxg7 34. Kc2 Rf3 35. e5 h5 36. Re1 Rf2+ 37. Nd2 hxg4 38. e6 Nd6 39. Rc7 1-0

[Event "SEMI A052 email"]
[Site "SEMI email"]
[Date "2005.01.15"]
[Round "?"]
[White "Johnsrud, Jeff L"]
[Black "Dould, John"]
[Result "0-1"]
[WhiteElo "2200"]
[BlackElo "1960"]
[PlyCount "72"]
[EventDate "2005.01.15"]
[EventType "tourn (corr)"]
[EventRounds "6"]
[EventCountry "ITA"]
[SourceTitle "Corr 2008"]
[Source "ChessBase"]
[SourceDate "2008.06.24"]
[SourceVersion "1"]
[SourceVersionDate "2008.06.24"]
[SourceQuality "1"]

1. Nf3 g6 2. e4 d6 3. d4 Bg7 4. c3 Nf6 5. Bd3 0-0 6. 0-0 c5 7. h3 Nc6 8. d5 Ne5 9. Nxe5 dxe5 10. c4 Nh5 11. Nc3 Nf4 12. Qf3 Qd6 13. Ne2 Nxd3 14. Qxd3 Bd7 15. Bg5 f5 16. f3 f4 17. Bh4 a6 18. Rfd1 h6 19. Bf2 b5 20. a4 b4 21. Nc1 Rac8 22. Nb3 Kh7 23. Qe2 Rg8 24. Rd2 g5 25. Na5 h5 26. Rd3 g4 27. hxg4 hxg4 28. fxg4 Bh6 29. Nb3 Bxg4 30. Qf1 Rg6 31. Re1 Bg5 32. g3 Kg7 33. Qg2 e6 34. a5 Be7 35. Nd2 Rh8 36. b3 Bh3 0-1

[Event "SEMI A052 email"]
[Site "SEMI email"]
[Date "2005.01.15"]
[Round "?"]
[White "Marin Millan, Jose Antonio"]
[Black "Johnsrud, Jeff L"]
[Result "1/2-1/2"]
[WhiteElo "2030"]
[BlackElo "2200"]
[PlyCount "58"]
[EventDate "2005.01.15"]
[EventType "tourn (corr)"]
[EventRounds "6"]
[EventCountry "ITA"]
[SourceTitle "Corr 2008"]
[Source "ChessBase"]
[SourceDate "2008.06.24"]
[SourceVersion "1"]
[SourceVersionDate "2008.06.24"]
[SourceQuality "1"]

1. e4 e5 2. Nf3 f5 3. Nxe5 Qf6 4. d4 d6 5. Nc4 fxe4 6. Nc3 Qg6 7. f3 exf3 8. Qxf3 Nc6 9. Bd3 Qg4 10. Qe3+ Be7 11. 0-0 Nf6 12. d5 Nb4 13. Rf4 Qd7 14. Bf5 Qd8 15. Bxc8 Qxc8 16. Nxd6+ cxd6 17. Rxb4 0-0 18. Bd2 Bd8 19. Qe6+ Qxe6 20. dxe6 Bb6+ 21. Kh1 Rae8 22. Re1 Rxe6 23. Rxe6 Nd5 24. Re8 Nxb4 25. Rxf8+ Kxf8 26. Ne4 Bc5 27. Bxb4 Bxb4 28. c3 d5 29. Ng5 Be7 1/2-1/2

[Event "SEMI A052 email"]
[Site "SEMI email"]
[Date "2005.01.15"]
[Round "?"]
[White "Pech, Jaroslav Sr"]
[Black "Johnsrud, Jeff L"]
[Result "0-1"]
[WhiteElo "2085"]
[BlackElo "2200"]
[PlyCount "84"]
[EventDate "2005.01.15"]
[EventType "tourn (corr)"]
[EventRounds "6"]
[EventCountry "ITA"]
[SourceTitle "Corr 2008"]
[Source "ChessBase"]
[SourceDate "2008.06.24"]
[SourceVersion "1"]
[SourceVersionDate "2008.06.24"]
[SourceQuality "1"]

1. e4 e5 2. Nf3 f5 3. Nxe5 Qf6 4. d4 d6 5. Nc4 fxe4 6. Nc3 Qg6 7. f3 exf3 8. Qxf3 Nf6 9. Ne3 Nc6 10. Nb5 Kd8 11. Bd3 Qe8 12. c3 a6 13. Na3 Bg4 14. Qg3 d5 15. Nac2 Bd6 16. Qh4 Ne7 17. Qg5 Be6 18. 0-0 h6 19. Qh4 Ng6 20. Qe1 Nf4 21. Be2 Rf8 22. Bf3 g5 23. c4 g4 24. Bxd5 Qh5 25. Rxf4 Bxf4 26. Bxe6 Bxh2+ 27. Kf1 Nd5+ 28. Nf5 Ne7 29. Nce3 Nxf5 30. Nxf5 Rxf5+ 31. Bxf5 Qxf5+ 32. Qf2 Qd3+ 33. Qe2 Qg6 34. Ke1 Kd7 35. Kd2 Re8 36. Qf2 c5 37. Kc3 b5 38. cxb5 axb5 39. Be3 b4+ 40. Kd2 c4 41. Re1 b3 42. axb3 Qd3+ 0-1

[Event "SEMI A051 email"]
[Site "SEMI email"]
[Date "2004.11.08"]
[Round "?"]
[White "Johnsrud, Jeff L"]
[Black "Proietti, Costantino"]
[Result "1-0"]
[WhiteElo "2200"]
[BlackElo "1805"]
[PlyCount "85"]
[EventDate "2004.11.08"]
[EventType "tourn (corr)"]
[EventRounds "6"]
[EventCountry "ITA"]
[SourceTitle "Corr 2008"]
[Source "ChessBase"]
[SourceDate "2008.06.24"]
[SourceVersion "1"]
[SourceVersionDate "2008.06.24"]
[SourceQuality "1"]

1. e4 Nc6 2. d4 d5 3. Nc3 dxe4 4. d5 Ne5 5. Qd4 Ng6 6. Qxe4 Nf6 7. Qa4+ Bd7 8. Bb5 a6 9. Bxd7+ Qxd7 10. Qxd7+ Nxd7 11. Nf3 Nc5 12. h4 e6 13. h5 Ne7 14. b4 Nd7 15. dxe6 fxe6 16. Bb2 Nf5 17. Ng5 e5 18. Ne6 Rc8 19. 0-0-0 Bxb4 20. g4 Nd4 21. Nxd4 exd4 22. Rxd4 Bd6 23. Re1+ Kd8 24. Ne4 Re8 25. Red1 Re6 26. Nxd6 cxd6 27. Rxd6 Rxd6 28. Rxd6 Ke7 29. Ba3 Kd8 30. h6 gxh6 31. Rxh6 Rc3 32. Kb2 Rf3 33. Rxh7 Rxf2 34. g5 Rg2 35. Bd6 Ke8 36. Re7+ Kd8 37. Rg7 Ke8 38. a4 b5 39. a5 Rg1 40. g6 Nf6 41. Re7+ Kd8 42. Re6 Rxg6 43. Be5 1-0

[Event "SEMI A050 email"]
[Site "SEMI email"]
[Date "2004.10.01"]
[Round "?"]
[White "Johnsrud, Jeff L"]
[Black "Cavallini, Gianfranco"]
[Result "1-0"]
[WhiteElo "2200"]
[BlackElo "2020"]
[PlyCount "40"]
[EventDate "2004.10.01"]
[EventType "tourn (corr)"]
[EventRounds "6"]
[EventCountry "ITA"]
[SourceTitle "Corr 2008"]
[Source "ChessBase"]
[SourceDate "2008.06.24"]
[SourceVersion "1"]
[SourceVersionDate "2008.06.24"]
[SourceQuality "1"]

1. e4 e5 2. Qh5 Nc6 3. Bc4 Qe7 4. d3 Nf6 5. Qd1 d6 6. Nf3 Bg4 7. c3 a6 8. Be3 Qd7 9. h3 Be6 10. Bxe6 fxe6 11. Nbd2 Be7 12. Qe2 0-0 13. 0-0 d5 14. Nb3 Rae8 15. Nc5 Qc8 16. Rac1 Bd6 17. b4 b6 18. Nb3 Ne7 19. c4 Bxb4 20. cxd5 exd5 1-0

[Event "SEMI A050 email"]
[Site "SEMI email"]
[Date "2004.10.01"]
[Round "?"]
[White "Johnsrud, Jeff L"]
[Black "Perez, Giorgio"]
[Result "1-0"]
[WhiteElo "2200"]
[BlackElo "2000"]
[PlyCount "89"]
[EventDate "2004.10.01"]
[EventType "tourn (corr)"]
[EventRounds "6"]
[EventCountry "ITA"]
[SourceTitle "Corr 2008"]
[Source "ChessBase"]
[SourceDate "2008.06.24"]
[SourceVersion "1"]
[SourceVersionDate "2008.06.24"]
[SourceQuality "1"]

1. e4 c5 2. Nf3 Nc6 3. Bb5 g6 4. Bxc6 bxc6 5. 0-0 Bg7 6. Re1 d6 7. e5 d5 8. d3 Nh6 9. Nbd2 0-0 10. Nb3 Qb6 11. Be3 d4 12. Bg5 Nf5 13. g4 f6 14. exf6 exf6 15. Bf4 Bh6 16. Bd2 Bxd2 17. Nfxd2 Nh6 18. h3 Nf7 19. f4 Nd8 20. Nc4 Qc7 21. Nxc5 Qxf4 22. Qd2 Qxd2 23. Nxd2 f5 24. g5 Nb7 25. Re5 Nd6 26. Nf3 Rb8 27. Rb1 f4 28. Nxd4 Nf7 29. Re7 Bxh3 30. Ne4 c5 31. Nc6 Rb6 32. Rc7 Bf5 33. Ne7+ Kh8 34. Nxc5 Nxg5 35. Rxa7 Bh3 36. b4 f3 37. Kf2 Rf7 38. Ra8+ Kg7 39. Rg8+ Kh6 40. Nd5 Rd6 41. c4 Bg2 42. b5 Nh3+ 43. Kg3 Rf5 44. Ne4 Rd7 45. b6 1-0

[Event "SEMI Danvers theme (A) email"]
[Site "SEMI email"]
[Date "2004.07.20"]
[Round "?"]
[White "Johnsrud, Jeff L"]
[Black "Sveinsson, Jon Arni"]
[Result "1-0"]
[WhiteElo "2200"]
[BlackElo "2015"]
[PlyCount "57"]
[EventDate "2004.07.20"]
[EventType "tourn (corr)"]
[EventRounds "6"]
[EventCountry "ITA"]
[SourceTitle "Corr 2008"]
[Source "ChessBase"]
[SourceDate "2008.06.24"]
[SourceVersion "1"]
[SourceVersionDate "2008.06.24"]
[SourceQuality "1"]

1. e4 e5 2. Qh5 Nc6 3. Bc4 Qe7 4. Nc3 Nd4 5. Qd1 c6 6. Nf3 d6 7. Be2 Nf6 8. d3 Qc7 9. 0-0 Be7 10. Be3 Nxe2+ 11. Nxe2 d5 12. Ng3 0-0 13. Qe2 Re8 14. c4 d4 15. Bd2 a5 16. Nh4 g6 17. Nf3 Nd7 18. Ne1 Bd6 19. Rc1 Nc5 20. Bh6 a4 21. Qd2 Ne6 22. h4 f6 23. Ne2 Qe7 24. f4 f5 25. fxe5 Bb4 26. Qc2 fxe4 27. dxe4 Qxh4 28. Bd2 Qxe4 29. Qxe4 1-0

[Event "SEMI A048 email"]
[Site "SEMI email"]
[Date "2004.05.28"]
[Round "?"]
[White "Bascetta, Biagio J"]
[Black "Johnsrud, Jeff L"]
[Result "0-1"]
[WhiteElo "2229"]
[BlackElo "2200"]
[PlyCount "70"]
[EventDate "2004.05.28"]
[EventType "tourn (corr)"]
[EventRounds "6"]
[EventCountry "ITA"]
[SourceTitle "Corr 2008"]
[Source "ChessBase"]
[SourceDate "2008.06.24"]
[SourceVersion "1"]
[SourceVersionDate "2008.06.24"]
[SourceQuality "1"]

1. e4 e5 2. Nf3 f5 3. Nxe5 Qf6 4. Nc4 fxe4 5. Nc3 Qf7 6. Ne3 c6 7. Nxe4 d5 8. Ng5 Qf6 9. Nf3 Bd6 10. d4 Ne7 11. c4 0-0 12. Qb3 Be6 13. c5 Bf4 14. Qxb7 Nd7 15. Be2 a5 16. Qb3 a4 17. Qc2 Bc7 18. Bd3 Bh3 19. Bxh7+ Kh8 20. Bd3 Bxg2 21. Nxg2 Qxf3 22. Qe2 Qh3 23. Ne3 Rab8 24. Rg1 Nf6 25. Qf1 Qh4 26. Qg2 Rf7 27. Nc2 Ne4 28. Bxe4 dxe4 29. b4 axb3 30. axb3 Nd5 31. Bg5 Qh7 32. b4 Bf4 33. b5 e3 34. Nxe3 Qd3 35. Nxd5 Re8+ 0-1

[Event "SEMI A048 email"]
[Site "SEMI email"]
[Date "2004.05.28"]
[Round "?"]
[White "Volpi, Davide"]
[Black "Johnsrud, Jeff L"]
[Result "0-1"]
[WhiteElo "2069"]
[BlackElo "2200"]
[PlyCount "84"]
[EventDate "2004.05.28"]
[EventType "tourn (corr)"]
[EventRounds "6"]
[EventCountry "ITA"]
[SourceTitle "Corr 2008"]
[Source "ChessBase"]
[SourceDate "2008.06.24"]
[SourceVersion "1"]
[SourceVersionDate "2008.06.24"]
[SourceQuality "1"]

1. e4 e5 2. Nf3 f5 3. Nxe5 Qf6 4. Nc4 fxe4 5. Nc3 Qf7 6. Ne3 c6 7. Nxe4 d5 8. Ng3 h5 9. d4 h4 10. Ne2 Bd6 11. h3 Nf6 12. Ng1 Ne4 13. Nf3 0-0 14. Qd3 Be6 15. Bd2 Nd7 16. Be2 Ndf6 17. Rf1 Nh5 18. Ng4 Nf4 19. Bxf4 Bxf4 20. Nfe5 Qc7 21. Bf3 Qa5+ 22. c3 Nd2 23. Ne3 Nxf1 24. Kxf1 Bxe5 25. dxe5 Qb6 26. b3 Rae8 27. Bh5 Bf7 28. Bxf7+ Rxf7 29. Ng4 Rxe5 30. Qg6 Kf8 31. Qh7 Re4 32. Qh8+ Ke7 33. f3 Qb5+ 34. c4 Rxc4 35. Kg1 Qc5+ 36. Kh2 Rc1 37. Rxc1 Qxc1 38. Qxh4+ Ke6 39. Qd8 Qf4+ 40. Kg1 Re7 41. Qg8+ Kd7 42. Qa8 Qd4+ 0-1

[Event "SEMI A047 email"]
[Site "SEMI email"]
[Date "2004.02.10"]
[Round "?"]
[White "Johnsrud, Jeff L"]
[Black "Secondi, Alberto"]
[Result "0-1"]
[WhiteElo "2200"]
[BlackElo "1800"]
[PlyCount "48"]
[EventDate "2004.02.10"]
[EventType "tourn (corr)"]
[EventRounds "6"]
[EventCountry "ITA"]
[SourceTitle "Corr 2008"]
[Source "ChessBase"]
[SourceDate "2008.06.24"]
[SourceVersion "1"]
[SourceVersionDate "2008.06.24"]
[SourceQuality "1"]

1. e4 e5 2. Qh5 d6 3. Bc4 Nh6 4. h3 g6 5. Qd1 a6 6. Nf3 b5 7. Bb3 f6 8. d4 Bb7 9. Nc3 Nc6 10. dxe5 dxe5 11. Qxd8+ Rxd8 12. Nd5 Rd7 13. Nxf6+ Kd8 14. Nxd7 Kxd7 15. Be3 Na5 16. Nxe5+ Ke8 17. f3 Bg7 18. Nd3 Nxb3 19. axb3 Kf7 20. Nc5 Bc8 21. Nxa6 Bxb2 22. Ra2 Bc3+ 23. Ke2 Bxa6 24. Rb2 b4+ 0-1

[Event "SEMI A047 email"]
[Site "SEMI email"]
[Date "2004.02.10"]
[Round "?"]
[White "Johnsrud, Jeff L"]
[Black "Volpi, Davide"]
[Result "1-0"]
[WhiteElo "2200"]
[BlackElo "2069"]
[PlyCount "47"]
[EventDate "2004.02.10"]
[EventType "tourn (corr)"]
[EventRounds "6"]
[EventCountry "ITA"]
[SourceTitle "Corr 2008"]
[Source "ChessBase"]
[SourceDate "2008.06.24"]
[SourceVersion "1"]
[SourceVersionDate "2008.06.24"]
[SourceQuality "1"]

1. e4 c5 2. Nf3 Nc6 3. Bb5 g6 4. Bxc6 bxc6 5. d3 Bg7 6. 0-0 d6 7. Nc3 Rb8 8. e5 dxe5 9. Re1 Qc7 10. Rb1 Bg4 11. h3 Bxf3 12. Qxf3 Nf6 13. b3 0-0 14. Be3 Rfd8 15. Bxc5 Nd5 16. Ne4 h6 17. Rbc1 f5 18. Nd2 Qa5 19. Be3 f4 20. Nc4 Qxa2 21. Bd2 Qa6 22. Nxe5 Kh7 23. c4 Nf6 24. Nxc6 1-0

[Event "SEMI A039 email"]
[Site "SEMI email"]
[Date "2003.01.10"]
[Round "?"]
[White "Johnsrud, Jeff L"]
[Black "O'Hara, Matthew D"]
[Result "1/2-1/2"]
[WhiteElo "2173"]
[BlackElo "2156"]
[PlyCount "56"]
[EventDate "2003.01.10"]
[EventType "tourn (corr)"]
[EventRounds "6"]
[EventCountry "ITA"]
[SourceTitle "Corr 2008"]
[Source "ChessBase"]
[SourceDate "2008.06.24"]
[SourceVersion "1"]
[SourceVersionDate "2008.06.24"]
[SourceQuality "1"]

1. e4 e5 2. Nf3 Nc6 3. Bb5 a6 4. Ba4 Nf6 5. 0-0 Be7 6. Re1 b5 7. Bb3 0-0 8. c3 d5 9. exd5 Nxd5 10. Nxe5 Nxe5 11. Rxe5 c6 12. d4 Bd6 13. Re1 Qh4 14. g3 Qh3 15. Re4 g5 16. Qe2 f5 17. Bxd5+ cxd5 18. Re6 f4 19. Rxd6 Bg4 20. Qf1 Qxf1+ 21. Kxf1 Rae8 22. Bd2 Bh3+ 23. Kg1 fxg3 24. hxg3 Re2 25. Be3 Rxe3 26. fxe3 Rf1+ 27. Kh2 g4 28. Rxd5 Rf2+ 1/2-1/2

[Event "SEMI A033 email"]
[Site "SEMI email"]
[Date "2002.06.03"]
[Round "?"]
[White "Johnsrud, Jeff L"]
[Black "Dould, John"]
[Result "1-0"]
[WhiteElo "2173"]
[BlackElo "2007"]
[PlyCount "51"]
[EventDate "2002.06.03"]
[EventType "tourn (corr)"]
[EventRounds "6"]
[EventCountry "ITA"]
[SourceTitle "Telechess CBM 097"]
[Source "ChessBase"]
[SourceDate "2003.11.11"]
[SourceVersion "1"]
[SourceVersionDate "2003.11.11"]
[SourceQuality "1"]

1. e4 c5 2. Nf3 Nc6 3. Bb5 g6 4. Bxc6 dxc6 5. d3 Bg4 6. h3 Bxf3 7. Qxf3 Bg7 8. Qe2 Qd7 9. 0-0 0-0-0 10. Nd2 h5 11. Nc4 e5 12. a3 Qc7 13. b4 cxb4 14. axb4 a6 15. Be3 Re8 16. Bb6 Qb8 17. Qf3 Nh6 18. c3 Re6 19. Ra5 f5 20. Re1 Rf8 21. Bc5 Rf7 22. Qd1 Qc7 23. d4 fxe4 24. Rxe4 Rf4 25. d5 Rxe4 26. Nb6+ 1-0

[Event "SEMI A033 email"]
[Site "SEMI email"]
[Date "2002.06.03"]
[Round "?"]
[White "Sorroche Lupion, Francisco"]
[Black "Johnsrud, Jeff L"]
[Result "1-0"]
[WhiteElo "2145"]
[BlackElo "2173"]
[PlyCount "107"]
[EventDate "2002.06.03"]
[EventType "tourn (corr)"]
[EventRounds "6"]
[EventCountry "ITA"]
[SourceTitle "Telechess CBM 097"]
[Source "ChessBase"]
[SourceDate "2003.11.11"]
[SourceVersion "1"]
[SourceVersionDate "2003.11.11"]
[SourceQuality "1"]

1. e4 Nc6 2. Nf3 e5 3. Bb5 a6 4. Ba4 Nf6 5. 0-0 Be7 6. Re1 b5 7. Bb3 d6 8. c3 0-0 9. h3 Na5 10. Bc2 c5 11. d4 Qc7 12. Nbd2 cxd4 13. cxd4 Bb7 14. d5 Rfc8 15. Bd3 Nc4 16. Bxc4 bxc4 17. Re3 Nd7 18. Rc3 Nc5 19. Rxc4 Qd7 20. Nb3 Qb5 21. Nfd2 Nd3 22. Rc3 Nf4 23. Rxc8+ Rxc8 24. Nf1 Ne2+ 25. Kh2 f5 26. f3 f4 27. Bd2 Bd8 28. a4 Qc4 29. Na5 Bxa5 30. Bxa5 Qc5 31. Qxe2 Qxa5 32. Qd2 Qc7 33. b4 Qc4 34. Rb1 Kf8 35. Qb2 Qc2 36. b5 a5 37. Nd2 Qxa4 38. Rc1 Qb4 39. Qxb4 axb4 40. Rb1 Rc2 41. Nb3 Ra2 42. Nc1 Rd2 43. Rxb4 Ke7 44. h4 g6 45. Rb3 h6 46. Nd3 Rd1 47. b6 Kd8 48. Nf2 Rd2 49. Ng4 h5 50. Nf6 Ke7 51. Nh7 Rc2 52. Ng5 Kd7 53. Kh3 Rc1 54. g3 1-0

[Event "SEMI A032 email"]
[Site "SEMI email"]
[Date "2002.05.20"]
[Round "?"]
[White "Bascetta, Biagio J"]
[Black "Johnsrud, Jeff L"]
[Result "1-0"]
[WhiteElo "2327"]
[BlackElo "2173"]
[PlyCount "109"]
[EventDate "2002.05.20"]
[EventType "tourn (corr)"]
[EventRounds "6"]
[EventCountry "ITA"]
[SourceTitle "Telechess CBM 097"]
[Source "ChessBase"]
[SourceDate "2003.11.11"]
[SourceVersion "1"]
[SourceVersionDate "2003.11.11"]
[SourceQuality "1"]

1. e4 Nc6 2. d4 e5 3. d5 Nce7 4. c4 Ng6 5. Be3 Nf6 6. Nd2 Bb4 7. f3 Qe7 8. g3 Bc5 9. Qe2 0-0 10. Bg2 c6 11. a3 b5 12. Bxc5 Qxc5 13. Qf2 Qxf2+ 14. Kxf2 Rb8 15. b4 a5 16. cxb5 Rxb5 17. Bf1 Rb8 18. d6 axb4 19. axb4 Rxb4 20. h4 Rb2 21. Ke3 Ne8 22. Nc4 Rb4 23. Rh2 Nh8 24. Rd2 f6 25. Kd3 Nf7 26. Kc3 Rb8 27. Ne2 f5 28. exf5 Nf6 29. Kc2 e4 30. f4 Re8 31. Nc3 Bb7 32. Ra7 c5 33. Ne3 Nh5 34. Bb5 Red8 35. Bc4 Nxg3 36. f6 Nh5 37. fxg7 Kxg7 38. Na4 Ra8 39. Rg2+ Kf8 40. Rxa8 Rxa8 41. Nxc5 Bc6 42. Bxf7 Kxf7 43. Rg5 Nf6 44. Re5 Ra2+ 45. Kc3 Rh2 46. Re7+ Kf8 47. Kd4 Rd2+ 48. Ke5 Ng4+ 49. Nxg4 Rd5+ 50. Kf6 Rxd6+ 51. Ne6+ Rxe6+ 52. Rxe6 dxe6 53. Kxe6 Be8 54. Kd5 Bc6+ 55. Kxc6 1-0

[Event "SEMI A032 email"]
[Site "SEMI email"]
[Date "2002.05.20"]
[Round "?"]
[White "Hilton, Stephen H"]
[Black "Johnsrud, Jeff L"]
[Result "0-1"]
[WhiteElo "1835"]
[BlackElo "2173"]
[PlyCount "58"]
[EventDate "2002.05.20"]
[EventType "tourn (corr)"]
[EventRounds "6"]
[EventCountry "ITA"]
[SourceTitle "Telechess CBM 097"]
[Source "ChessBase"]
[SourceDate "2003.11.11"]
[SourceVersion "1"]
[SourceVersionDate "2003.11.11"]
[SourceQuality "1"]

1. d4 Nf6 2. c4 Nc6 3. Nf3 e6 4. g3 d5 5. Bg2 dxc4 6. 0-0 Be7 7. Qa4 0-0 8. Qxc4 Na5 9. Qc3 b6 10. Nbd2 Ba6 11. Re1 c5 12. dxc5 Bxc5 13. Qc2 Rc8 14. Qa4 Nd5 15. a3 b5 16. Qh4 Qxh4 17. Nxh4 Rfd8 18. e4 Nf6 19. h3 Bb6 20. b4 Nc4 21. Nxc4 bxc4 22. Bf1 Bb7 23. Bg5 Nxe4 24. Rxe4 Bxe4 25. Bxd8 Bxd8 26. Ng2 c3 27. Rc1 c2 28. Ne3 Bf6 29. Nc4 Rxc4 0-1

[Event "SEMI A032 email"]
[Site "SEMI email"]
[Date "2002.05.20"]
[Round "?"]
[White "Johnsrud, Jeff L"]
[Black "Hanison, Bernard"]
[Result "1-0"]
[WhiteElo "2173"]
[BlackElo "1855"]
[PlyCount "31"]
[EventDate "2002.05.20"]
[EventType "tourn (corr)"]
[EventRounds "6"]
[EventCountry "ITA"]
[SourceTitle "Telechess CBM 097"]
[Source "ChessBase"]
[SourceDate "2003.11.11"]
[SourceVersion "1"]
[SourceVersionDate "2003.11.11"]
[SourceQuality "1"]

1. e4 e5 2. d4 exd4 3. Qxd4 Nc6 4. Qe3 Nf6 5. Nc3 Be7 6. Qg3 0-0 7. Bh6 Ne8 8. Nf3 Bf6 9. Bd3 Bxc3+ 10. bxc3 d6 11. 0-0 Qf6 12. Bf4 Qxc3 13. e5 f5 14. Rfe1 Qc5 15. exd6 Nxd6 16. Bh6 1-0

[Event "SEMI A032 email"]
[Site "SEMI email"]
[Date "2002.05.20"]
[Round "?"]
[White "Johnsrud, Jeff L"]
[Black "Quigley, Daniel J"]
[Result "1-0"]
[WhiteElo "2173"]
[BlackElo "2163"]
[PlyCount "63"]
[EventDate "2002.05.20"]
[EventType "tourn (corr)"]
[EventRounds "6"]
[EventCountry "ITA"]
[SourceTitle "Telechess CBM 097"]
[Source "ChessBase"]
[SourceDate "2003.11.11"]
[SourceVersion "1"]
[SourceVersionDate "2003.11.11"]
[SourceQuality "1"]

1. e4 Nf6 2. e5 Nd5 3. d4 d6 4. Nf3 Bg4 5. Be2 c6 6. 0-0 Bxf3 7. Bxf3 dxe5 8. dxe5 e6 9. Re1 Nd7 10. Nd2 Qc7 11. Nc4 N7b6 12. Qd4 Nxc4 13. Qxc4 0-0-0 14. a4 h6 15. Bd2 Be7 16. a5 Bg5 17. Bxg5 hxg5 18. a6 b6 19. Qg4 Qe7 20. Rad1 Rh4 21. Qg3 Ra4 22. Be4 f5 23. exf6 gxf6 24. Qb3 Rb4 25. Qh3 g4 26. Qd3 Nf4 27. Qe3 Rxd1 28. Rxd1 Nd5 29. Bxd5 cxd5 30. Rxd5 Rxb2 31. Rd1 Kb8 32. Qe4 1-0

[Event "SEMI A031 email"]
[Site "SEMI email"]
[Date "2002.04.20"]
[Round "?"]
[White "Beninsky, Svejen"]
[Black "Johnsrud, Jeff L"]
[Result "1-0"]
[WhiteElo "1944"]
[BlackElo "2173"]
[PlyCount "97"]
[EventDate "2002.04.20"]
[EventType "tourn (corr)"]
[EventRounds "5"]
[EventCountry "ITA"]
[SourceTitle "Telechess CBM 097"]
[Source "ChessBase"]
[SourceDate "2003.11.11"]
[SourceVersion "1"]
[SourceVersionDate "2003.11.11"]
[SourceQuality "1"]

1. e4 e5 2. Nf3 f5 3. Nxe5 Qf6 4. d4 d6 5. Nc4 fxe4 6. Nc3 Qg6 7. f3 exf3 8. Qxf3 Nf6 9. Bd3 Qg4 10. Qxg4 Bxg4 11. Bg5 Nbd7 12. 0-0 0-0-0 13. Ne3 Be6 14. d5 Bg8 15. Bb5 h6 16. Bxd7+ Rxd7 17. Bxf6 gxf6 18. Nf5 h5 19. Rae1 Rd8 20. Rf4 Kb8 21. a3 a6 22. h3 Bf7 23. Kf2 Ka7 24. g3 Bg8 25. Kf1 Bf7 26. Re3 Ra8 27. Ke2 Rd8 28. Kd2 Bg8 29. b3 Rh7 30. Ne4 Rf7 31. c4 Bh7 32. g4 hxg4 33. hxg4 Kb6 34. Rf2 Bg6 35. b4 a5 36. Re1 Ka7 37. Neg3 axb4 38. axb4 Rh7 39. Re6 Bxf5 40. Nxf5 Bg7 41. Kd3 Rh3+ 42. Ke4 Bh8 43. Re7 Kb8 44. Re2 Rh1 45. b5 Rg1 46. Kf3 Rf1+ 47. Kg2 Rf4 48. Kg3 Rxc4 49. Re8 1-0

[Event "SEMI A031 email"]
[Site "SEMI email"]
[Date "2002.04.20"]
[Round "?"]
[White "Johnsrud, Jeff L"]
[Black "Bascetta, Biagio J"]
[Result "1-0"]
[WhiteElo "2173"]
[BlackElo "2327"]
[PlyCount "47"]
[EventDate "2002.04.20"]
[EventType "tourn (corr)"]
[EventRounds "5"]
[EventCountry "ITA"]
[SourceTitle "Telechess CBM 097"]
[Source "ChessBase"]
[SourceDate "2003.11.11"]
[SourceVersion "1"]
[SourceVersionDate "2003.11.11"]
[SourceQuality "1"]

1. e4 e6 2. d4 d5 3. Nc3 dxe4 4. Nxe4 Qd5 5. Bd3 Bd7 6. Nf3 Bb5 7. c4 Bxc4 8. Nc3 Bb4 9. Qa4+ Nc6 10. 0-0 Bxc3 11. Bxc4 Qa5 12. Qb3 Bb4 13. a3 b5 14. Bd3 Rb8 15. Be4 Nge7 16. Bxc6+ Nxc6 17. d5 exd5 18. Qxd5 Ne7 19. Qd4 Bd6 20. Qxg7 Kd7 21. Ne5+ Bxe5 22. Qxe5 Ng6 23. Qf5+ Kc6 24. Be3 1-0

[Event "SEMI A030 email"]
[Site "SEMI email"]
[Date "2002.03.11"]
[Round "?"]
[White "Johnsrud, Jeff L"]
[Black "Marcotulli, Giancarlo"]
[Result "1/2-1/2"]
[WhiteElo "2173"]
[BlackElo "2377"]
[PlyCount "54"]
[EventDate "2002.03.11"]
[EventType "tourn (corr)"]
[EventRounds "6"]
[EventCountry "ITA"]
[SourceTitle "Corr 2008"]
[Source "ChessBase"]
[SourceDate "2008.06.24"]
[SourceVersion "1"]
[SourceVersionDate "2008.06.24"]
[SourceQuality "1"]

1. e4 e5 2. Nf3 Nc6 3. Bb5 a6 4. Ba4 Nf6 5. 0-0 Nxe4 6. d4 b5 7. Bb3 d5 8. dxe5 Be6 9. Nbd2 Nc5 10. c3 d4 11. Bxe6 Nxe6 12. cxd4 Ncxd4 13. Ne4 Be7 14. Be3 Nf5 15. Qc2 0-0 16. Neg5 Bxg5 17. Nxg5 g6 18. Nxe6 fxe6 19. Qc3 Qh4 20. Qxc7 Qe4 21. Bg5 Rac8 22. Qd7 Qxe5 23. Rae1 Qd5 24. Qxe6+ Qxe6 25. Rxe6 Rc2 26. Rxa6 Rxb2 27. Rb6 Rxa2 1/2-1/2

[Event "SEMI A028 email"]
[Site "SEMI email"]
[Date "2002.01.15"]
[Round "?"]
[White "Johnsrud, Jeff L"]
[Black "Quigley, Daniel J"]
[Result "1/2-1/2"]
[WhiteElo "2200"]
[BlackElo "2170"]
[PlyCount "65"]
[EventDate "2002.01.15"]
[EventType "tourn (corr)"]
[EventRounds "6"]
[EventCountry "ITA"]
[SourceTitle "Telechess CBM 097"]
[Source "ChessBase"]
[SourceDate "2003.11.11"]
[SourceVersion "1"]
[SourceVersionDate "2003.11.11"]
[SourceQuality "1"]

1. e4 c5 2. Nf3 Nf6 3. e5 Nd5 4. Nc3 e6 5. Nxd5 exd5 6. d4 Nc6 7. dxc5 Bxc5 8. Qxd5 Qb6 9. Bc4 Bxf2+ 10. Kf1 0-0 11. Qe4 Nd8 12. Ng5 g6 13. Qf4 d5 14. Bxd5 Bc5 15. Ne4 Be7 16. Nf6+ Bxf6 17. Qxf6 Re8 18. Bh6 Qxf6+ 19. exf6 Re5 20. Bf3 Nc6 21. Kf2 Rf5 22. Rhe1 Be6 23. Kg1 Rxf6 24. b3 Bf5 25. c4 Re6 26. Bd5 Rxe1+ 27. Rxe1 Bd7 28. a3 Re8 29. Rxe8+ Bxe8 30. b4 b6 31. c5 bxc5 32. bxc5 Ne5 33. Bf4 1/2-1/2